[Event "Salamanca"]
[Site "Salamanca"]
[Date "1991.??.??"]
[Round "1"]
[White "Gomez Esteban, Juan Mario"]
[Black "Hoffman, Alejandro"]
[Result "1/2-1/2"]
[WhiteElo "2400"]
[BlackElo "2415"]

1.d4 d5 2.c4 e6 3.Nc3 Nf6 4.Nf3 Be7 5.Bf4 O-O 6.e3 c5 7.dxc5 Bxc5 8.Be2 dxc4
9.Bxc4 a6 10.Qe2 Nbd7 11.O-O b5 12.Bd3 Bb7 13.Rfd1 Qe7 14.Bg5 h6 15.Bh4 Rfc8
16.Be4 Nb6 17.Bxf6 gxf6 18.Nd4 f5 19.Bxb7 Qxb7 20.Qh5 Bf8 21.Nce2 Nc4 22.b3 Ne5
23.h3 Bg7 24.Rac1 Rxc1 25.Rxc1 Rc8 26.Rxc8+ Qxc8 27.Nf4 Qc1+ 28.Kh2 Nd7 29.Ndxe6 fxe6
30.Nxe6 Qb2 31.Qe8+ Nf8 32.Nxf8 Bxf8 33.Qe6+ Kg7 34.Qxf5 Qxa2 35.Qe5+ Kg8
36.Qe6+ Kh8 37.Qe5+ Bg7 38.Qe8+ Kh7 39.Qe4+ Kg8 40.Qe8+ Bf8  1/2-1/2

[Event "Santa Clara"]
[Site "Santa Clara"]
[Date "1991.??.??"]
[Round "9"]
[White "Nogueiras, Jesus"]
[Black "Diaz, Joaquin C"]
[Result "1-0"]
[WhiteElo "2535"]
[BlackElo "2430"]

1.d4 d5 2.c4 e6 3.Nf3 Nf6 4.Nc3 Be7 5.Bf4 O-O 6.e3 c5 7.dxc5 Bxc5 8.Qc2 Nc6
9.a3 dxc4 10.Bxc4 a6 11.O-O Nh5 12.Rad1 Qe7 13.Ne4 Nxf4 14.exf4 Ba7 15.Rfe1 Rd8
16.Neg5 g6 17.Qc3 b5 18.Bd5 Bb7 19.Bxc6 Rac8 20.Rxd8+ Qxd8 21.Nxf7 Kxf7 22.Ng5+ Kg8
23.Qh3 Qe7 24.Bxb7 Rc2 25.Rd1 Rxf2  1-0

[Event "Sheffield op"]
[Site "Sheffield"]
[Date "1991.??.??"]
[Round "?"]
[White "Littlewood, Paul E"]
[Black "Parker, Jonathan"]
[Result "1/2-1/2"]
[WhiteElo "2460"]
[BlackElo "2310"]

1.d4 Nf6 2.c4 e6 3.Nf3 d5 4.Nc3 Be7 5.Bf4 O-O 6.e3 c6 7.Qc2 Nbd7 8.h3 Re8
9.cxd5 exd5 10.O-O-O Nf8 11.Bd3 b5 12.Kb1 a5 13.Ne5 Bb7 14.a4 b4 15.Ne2 Rc8
16.Bf5 Ne6 17.Bg3 c5 18.dxc5 Bxc5 19.Qd3 Qb6 20.Nd4 Bxd4 21.exd4 Ba6 22.Qd2 b3
23.f3 g6 24.Bxe6 Qxe6 25.Rc1 Qf5+ 26.Ka1 Bc4 27.Rhe1 Nd7 28.Ng4 Qd3 29.Rxe8+ Rxe8
30.Qxd3 Bxd3 31.Rc3 Bc4 32.Re3 Rxe3 33.Nxe3 Nb6 34.Bc7 Nxa4 35.Kb1 f6 36.Kc1 Kf7
37.Bxa5 Ke6 38.Bb4 g5 39.g3 Be2 40.f4 gxf4 41.gxf4  1/2-1/2

[Event "UKR-chT"]
[Site "Simferopol"]
[Date "1991.??.??"]
[Round "?"]
[White "Maksimenko, Andrei"]
[Black "Ginsburg, Mark"]
[Result "1/2-1/2"]
[WhiteElo "2345"]
[BlackElo "2410"]

1.d4 d5 2.c4 e6 3.Nf3 Nf6 4.Nc3 Be7 5.Bf4 O-O 6.e3 a6 7.c5 Nc6 8.a3 Nh5 9.b4 Nxf4
10.exf4 b6 11.Be2 Bf6 12.O-O Bd7 13.Rb1 a5 14.Qd2 axb4 15.axb4 Ra3 16.Rfc1 Qa8
17.b5 Nxd4 18.Nxd4 bxc5 19.Nf3 Rb8 20.Ne5 Be8 21.Bf3 Kh8 22.Rb2 c4 23.h3 h6
24.Be2 Qa7 25.Nxd5 exd5 26.Qxd5 c6 27.Qe4 Rxb5 28.Rxb5 cxb5  1/2-1/2

[Event "Belavenets mem op"]
[Site "Smolensk"]
[Date "1991.??.??"]
[Round "?"]
[White "Tunik, Gennady"]
[Black "Korneev, Oleg"]
[Result "1/2-1/2"]
[WhiteElo "2470"]
[BlackElo "2405"]

1.d4 Nf6 2.c4 e6 3.Nf3 d5 4.Nc3 Be7 5.Bf4 O-O 6.e3 c5 7.dxc5 Bxc5 8.cxd5 Nxd5
9.Nxd5 exd5 10.a3 Nc6 11.Bd3 Bb6 12.O-O Bg4 13.h3 Bh5 14.b4 Re8 15.Ra2 d4
16.b5 Ne5 17.Bxe5 Bxf3 18.Qxf3 Rxe5 19.exd4 Qxd4 20.Qxb7 Rd8 21.Rd2 Qc3 22.Re2 g6
23.Rxe5 Qxe5 24.Qf3 Rd6 25.a4 h5 26.a5 Bxa5 27.Bc4 Rf6 28.Qd5 Qe7 29.Kh1 Bb6
30.f4 Rd6 31.Qe5 Rd7 32.Qxe7 Rxe7 33.g3 Re3 34.Kg2 Rc3 35.Be2 Rc2 36.Kf3 Rc3+
37.Kg2 Kg7 38.Rd1 Rc2 39.Kf3 Rc3+ 40.Rd3 Rxd3+  1/2-1/2

[Event "St Ingbert op"]
[Site "St Ingbert"]
[Date "1991.??.??"]
[Round "5"]
[White "Farago, Ivan"]
[Black "Fahnenschmidt, Gerhard"]
[Result "1-0"]
[WhiteElo "2495"]
[BlackElo "2385"]

1.d4 d5 2.c4 e6 3.Nc3 Be7 4.Nf3 Nf6 5.Bf4 O-O 6.e3 b6 7.cxd5 exd5 8.Ne5 c5
9.Bd3 Bb7 10.Qf3 Nc6 11.O-O a6 12.Rac1 cxd4 13.Nxc6 Bxc6 14.exd4 Qd7 15.Rfe1 Rfe8
16.h3 Bb4 17.Be5 Bxc3 18.Bf5 Bxe1 19.Bxd7 Bxd7 20.Rxe1 Re6 21.Rc1 Bc6 22.Qg3 Ne8
23.f4 Bb7 24.f5 Rc6 25.Rxc6 Bxc6 26.Bxg7  1-0

[Event "Stockerau op-J"]
[Site "Stockerau"]
[Date "1991.??.??"]
[Round "?"]
[White "Costescu, Marina"]
[Black "Izsak, Gyula"]
[Result "0-1"]
[WhiteElo "2065"]
[BlackElo "2285"]

1.d4 Nf6 2.c4 e6 3.Nf3 d5 4.Nc3 Be7 5.Bf4 O-O 6.e3 b6 7.Bd3 Bb7 8.O-O c5
9.h3 Nc6 10.dxc5 bxc5 11.cxd5 exd5 12.Qe2 Nb4 13.Bb5 Qb6 14.a3 a6 15.Ba4 Nc6
16.Rfd1 Rfd8 17.e4 dxe4 18.Nxe4 Nd4 19.Nxd4 cxd4 20.Ng5 Nd5 21.Bd2 Qg6 22.Nf3 d3
23.Qf1 Nf4 24.Bxf4 Bxf3 25.Rd2 Be2 26.Qe1 Qe4  0-1

[Event "Rilton Cup"]
[Site "Stockholm"]
[Date "1991.??.??"]
[Round "6"]
[White "Barkhagen, Jonas"]
[Black "Wedberg, Tom"]
[Result "1/2-1/2"]
[WhiteElo "2340"]
[BlackElo "2465"]

1.Nf3 Nf6 2.c4 e6 3.Nc3 d5 4.d4 Be7 5.Bf4 O-O 6.e3 c5 7.dxc5 Bxc5 8.a3 Nc6
9.b4 Bd6 10.cxd5 exd5 11.Bg5 Be6 12.Nb5 Be7 13.Nbd4 Ne4 14.Bxe7 Qxe7 15.Be2 Bg4
16.Qd3 Qf6 17.O-O Rfc8 18.Nxc6 bxc6 19.Nd4 Bxe2 20.Qxe2 a5 21.Rac1 axb4 22.axb4 Qd6  1/2-1/2

[Event "Rilton Cup"]
[Site "Stockholm"]
[Date "1991.??.??"]
[Round "7"]
[White "Agrest, Evgenij"]
[Black "Sanden, Stefan"]
[Result "0-1"]
[WhiteElo "2475"]
[BlackElo "2285"]

1.d4 d5 2.c4 e6 3.Nf3 Nf6 4.Nc3 Be7 5.Bf4 O-O 6.e3 c5 7.dxc5 Bxc5 8.Qc2 Nc6
9.a3 Qa5 10.O-O-O Be7 11.g4 dxc4 12.Bxc4 e5 13.g5 exf4 14.gxf6 Bxf6 15.Rd5 Qc7
16.Ne4 Qe7 17.h4 g6 18.h5 Bf5 19.Nxf6+ Qxf6 20.e4 Ne7 21.Rd4 Bg4 22.e5 Qc6
23.hxg6 hxg6 24.e6 Qxf3 25.exf7+ Kg7 26.Re1 Rac8 27.Rd3 Qc6 28.Rd4 Qf6 29.Qc3 Nd5
30.Qd2 Nb6 31.b3 Nxc4 32.bxc4 Rxf7 33.Ree4 Bf5 34.Rxf4 Rxc4+  0-1

[Event "Subotica Interzonal (Women)"]
[Site "Subotica"]
[Date "1991.??.??"]
[Round "7"]
[White "Ioseliani, Nana"]
[Black "Gaprindashvili, Nona"]
[Result "1/2-1/2"]
[WhiteElo "2470"]
[BlackElo "2450"]

1.c4 e6 2.Nc3 d5 3.d4 Be7 4.Nf3 Nf6 5.Bf4 O-O 6.e3 c5 7.dxc5 Bxc5 8.cxd5 Nxd5
9.Nxd5 exd5 10.a3 Nc6 11.Bd3 Bb6 12.O-O Bg4 13.h3  1/2-1/2

[Event "Tbilisi"]
[Site "Tbilisi"]
[Date "1991.??.??"]
[Round "?"]
[White "Giorgadze, Giorgi"]
[Black "Sturua, Zurab"]
[Result "1/2-1/2"]
[WhiteElo "2495"]
[BlackElo "2505"]

1.d4 d5 2.c4 e6 3.Nc3 Be7 4.Nf3 Nf6 5.Bf4 O-O 6.e3 c5 7.dxc5 Bxc5 8.a3 Nc6
9.Qc2 Qa5 10.O-O-O Bd7 11.g4 Rfc8 12.Kb1 Bf8 13.g5 Nh5 14.Bg3 Ne7 15.Be2 Be8
16.Bd6 g6 17.Ne5 Qd8 18.Bxe7 Qxe7 19.cxd5 exd5 20.f4 f6 21.Bxh5 fxe5 22.Bg4 Rc5
23.Rxd5 Bc6 24.Rxc5 Qxc5 25.Re1 exf4 26.exf4 Bg7 27.f5 Bxc3 28.fxg6 Kh8 29.Rc1 Rf8
30.h3 Rf2 31.Qxc3+ Qxc3 32.Rxc3 hxg6 33.Re3 Kg7 34.Re2 Rf1+ 35.Kc2 Kf7 36.Kd2 Bb5
37.Re3 Rf2+ 38.Kc3 Bc6 39.b3 Rf4 40.Be6+ Ke7 41.Bc4+ Kf8 42.Re6 Rf3+ 43.Kb4 Kg7
44.Re7+ Kh8 45.Bf7 Rf4+ 46.Kc3 Rf3+ 47.Kc2 Rf2+ 48.Kc1 Kg7 49.Be6+ Kf8 50.Rh7 Be4
51.Rc7 a5 52.a4 Bc6 53.h4 Be4 54.Bc8 Bd5 55.Bxb7 Bxb3 56.Rc6 Rf4 57.Rxg6 Rxh4  1/2-1/2

[Event "Tbilisi"]
[Site "Tbilisi"]
[Date "1991.??.??"]
[Round "?"]
[White "Sturua, Zurab"]
[Black "Janjgava, Lasha"]
[Result "1/2-1/2"]
[WhiteElo "2505"]
[BlackElo "2495"]

1.c4 e6 2.Nc3 d5 3.d4 Be7 4.Nf3 Nf6 5.Bf4 O-O 6.e3 c5 7.dxc5 Bxc5 8.Qc2 Nc6
9.a3 Qa5 10.Nd2 Be7 11.Rd1 e5 12.Bg5 d4 13.Nb3 Qd8 14.Be2 a5 15.exd4 a4 16.Nxa4 Nxd4
17.Nxd4 exd4 18.b3 Qa5+ 19.Qd2 Bxa3 20.Qxa5 Rxa5 21.Bxf6 Bb4+ 22.Kf1 gxf6
23.Rxd4 Re5  1/2-1/2

[Event "Tilburg"]
[Site "Tilburg"]
[Date "1991.??.??"]
[Round "10"]
[White "Bareev, Evgeny"]
[Black "Short, Nigel D"]
[Result "1/2-1/2"]
[WhiteElo "2680"]
[BlackElo "2660"]

1.d4 Nf6 2.c4 e6 3.Nf3 d5 4.Nc3 Be7 5.Bf4 O-O 6.e3 c5 7.dxc5 Bxc5 8.cxd5 Nxd5
9.Nxd5 exd5 10.a3 Nc6 11.Bd3 Bb6 12.O-O Bg4 13.h3  1/2-1/2

[Event "Torcy op-B"]
[Site "Torcy"]
[Date "1991.??.??"]
[Round "?"]
[White "Lesecq, Pascal"]
[Black "Caron, P."]
[Result "1-0"]
[WhiteElo "2040"]
[BlackElo "1870"]

1.d4 d5 2.Nf3 Nf6 3.c4 e6 4.Nc3 Be7 5.Bf4 c6 6.e3 Nbd7 7.Qc2 O-O 8.cxd5 exd5
9.Bd3 Re8 10.h3 Nf8 11.Ne5 Nh5 12.Bh2 g6 13.O-O Ng7 14.a3 a5 15.Ra2 Bf5 16.b4 axb4
17.axb4 f6 18.Bxf5 Nxf5 19.Nd3 b5 20.Ne2 Rc8 21.Ra8 Bd6 22.Bxd6 Nxd6 23.Ra7 Re7
24.Rxe7 Qxe7 25.Ra1 Nc4 26.Nc5 Kf7 27.Nf4 Rc7 28.Ra6 f5 29.Nfd3 Ne6 30.Nxe6 Qxe6
31.Nc5 Qe7 32.g3 h5 33.h4 Qe8 34.Qe2 Qe7 35.Qf3 Qd6 36.Kg2 Re7 37.Qf4 Rc7
38.Qh6 Qd8 39.Qh7+ Kf6 40.Qh6 Kf7 41.Nb7 Qf8 42.Qh7+ Qg7 43.Nd8+ Kf6 44.Qxg7+ Kxg7  1-0

[Event "Werfen"]
[Site "Werfen"]
[Date "1991.??.??"]
[Round "6"]
[White "Herndl, Harald"]
[Black "Singer, Christoph"]
[Result "1-0"]
[WhiteElo "2275"]
[BlackElo "2285"]

1.d4 d5 2.c4 e6 3.Nc3 Be7 4.Nf3 Nf6 5.Bf4 O-O 6.e3 Nbd7 7.cxd5 exd5 8.Bd3 c6
9.Qc2 Re8 10.g4 Nf8 11.h3 Be6 12.O-O-O Rc8 13.Kb1 Qa5 14.Be5 N6d7 15.Bf5 b5
16.Qb3 Nb6 17.Ne2 Nc4 18.Nf4 Bxf5+ 19.gxf5 f6 20.Rhg1 fxe5 21.dxe5 Nd7 22.Nh5 Kh8
23.Rxg7 Ndxe5 24.Nxe5 Nxe5 25.f4 Nc4 26.Qd3 Qb4 27.Rg2 Bc5 28.f6 Rg8 29.Re2 Nd6
30.f7 Rgf8 31.Rc2 Rxf7 32.a3 Qe4 33.Rxc5 Qxd3+ 34.Rxd3 Ne4 35.Rdxd5 Nxc5
36.Rxc5 Kg8 37.e4 Kf8 38.Kc2 a5 39.Kd3 Ke8 40.e5 Kd8 41.Ke4 Kc7 42.f5 Re8
43.e6 Kd6 44.Rc1 c5 45.Rd1+ Kc6 46.Ke5 c4 47.Nf6 Ree7 48.Rd6+  1-0

[Event "ARG-ch"]
[Site "ARG"]
[Date "1992.??.??"]
[Round "?"]
[White "Panno, Oscar"]
[Black "Amura, Claudia Noemi"]
[Result "1-0"]
[WhiteElo "2465"]
[BlackElo "2355"]

1.c4 e6 2.Nc3 d5 3.d4 Be7 4.Nf3 Nf6 5.Bf4 O-O 6.e3 c5 7.dxc5 Bxc5 8.cxd5 Nxd5
9.Nxd5 exd5 10.a3 Nc6 11.Bd3 g6 12.h3 d4 13.e4 Bd6 14.Bh6 Re8 15.O-O a6 16.Rc1 Bf8
17.Qd2 Bxh6 18.Qxh6 Qf6 19.Rc5 Be6 20.Rfc1 Bb3 21.Nd2 Be6 22.f4 Rec8 23.e5 Qg7
24.Qg5 h6 25.Qg3 Ne7 26.Rxc8+ Rxc8 27.Rxc8+ Bxc8 28.Nf3 Nc6 29.Be4 Bd7 30.Kh2 Kh7
31.Qh4 Qf8 32.Qf6 Kg8 33.Bd5 Ne7 34.Bxb7 d3 35.Bxa6 Nd5 36.Qd6 Qxd6 37.exd6 Nxf4
38.h4 f6 39.g3 Ne6 40.Bxd3 Kg7 41.b4  1-0

[Event "Women-Veterans"]
[Site "Aruba"]
[Date "1992.??.??"]
[Round "3"]
[White "Polgar, Zsuzsa"]
[Black "Geller, Efim P"]
[Result "1-0"]
[WhiteElo "2540"]
[BlackElo "2525"]

1.d4 d5 2.c4 e6 3.Nc3 Be7 4.Nf3 Nf6 5.Bf4 O-O 6.e3 c5 7.dxc5 Bxc5 8.Be2 dxc4
9.Bxc4 a6 10.Qe2 b5 11.Bd3 Bb7 12.O-O Nbd7 13.Rfd1 Qb6 14.Bg3 Be7 15.a4 b4
16.a5 Qc6 17.Na4 Rfc8 18.e4 Nh5 19.Be5 Bf6 20.Nd4 Nxe5 21.Nxc6 Nf4 22.Qe3 Nexd3
23.e5  1-0

[Event "AUT-chT"]
[Site "AUT"]
[Date "1992.??.??"]
[Round "?"]
[White "Farago, Ivan"]
[Black "Schroll, Gerhard"]
[Result "1-0"]
[WhiteElo "2520"]
[BlackElo "2440"]

1.d4 d5 2.c4 e6 3.Nc3 Nf6 4.Nf3 Be7 5.Bf4 O-O 6.e3 c5 7.dxc5 Bxc5 8.Qc2 Nc6
9.a3 Qa5 10.O-O-O dxc4 11.Bxc4 a6 12.Nd2 Be7 13.Nb3 Qb6 14.g4 Nxg4 15.Rdg1 Nge5
16.Bh6 Ng6 17.h4 gxh6 18.h5 Ne5 19.hxg6 Nxc4 20.Rxh6 f5 21.gxh7+ Kh8 22.Nd5  1-0

[Event "Beijing"]
[Site "Beijing"]
[Date "1992.??.??"]
[Round "8"]
[White "Ye Rongguang"]
[Black "Handoko, Edhi"]
[Result "1-0"]
[WhiteElo "2540"]
[BlackElo "2410"]

1.c4 e6 2.Nc3 d5 3.d4 Nf6 4.Nf3 Be7 5.Bf4 O-O 6.e3 c6 7.Bd3 Nbd7 8.O-O dxc4
9.Bxc4 Nh5 10.Be5 Nxe5 11.dxe5 Qxd1 12.Rfxd1 g6 13.g4 Ng7 14.Ne4 b5 15.Be2 c5
16.Rac1 c4 17.Nd4 Bd7 18.b3 Rfc8 19.bxc4 bxc4 20.Bxc4 Ne8 21.Bb5 Bxb5 22.Nxb5 Rxc1
23.Rxc1 a5 24.a4 Rd8 25.Rc6 Bb4 26.Rb6 Kf8 27.Rb7 h6 28.Kg2 Be7 29.Na7 f5
30.gxf5 gxf5 31.Ng3 Rd2 32.Nc6 Bc5 33.Kf3 Rc2 34.Nd8 Ng7 35.Rc7 Rd2 36.Rc8 Ke7
37.Nc6+ Kf7 38.Nxa5 Be7 39.Nc6 Bh4 40.Rc7+ Kg6 41.Ne2 h5 42.Nb4 Rb2 43.Rc4 Bd8
44.Nc6  1-0

[Event "Bern op"]
[Site "Bern"]
[Date "1992.??.??"]
[Round "2"]
[White "Kishnev, Sergey"]
[Black "Steinbacher, Matthias"]
[Result "1-0"]
[WhiteElo "2540"]
[BlackElo "2335"]

1.d4 Nf6 2.c4 e6 3.Nf3 d5 4.Nc3 Be7 5.Bf4 O-O 6.e3 Nbd7 7.Qc2 a6 8.cxd5 exd5
9.Bd3 c5 10.Ne5 Re8 11.O-O Nf8 12.Rad1 Bd6 13.Bg5 c4 14.Be2 Bxe5 15.dxe5 Rxe5
16.f4 Bf5 17.Qc1 Re8 18.Nxd5 Qxd5 19.Rxd5 Nxd5 20.Bxc4 Nxe3 21.Re1 Nc2 22.Rxe8 Rxe8
23.Qd2 b5 24.Bb3 Ne1 25.Bh4 Nd3 26.Bc2  1-0

[Event "Biel op"]
[Site "Biel"]
[Date "1992.??.??"]
[Round "4"]
[White "Sher, Miron N"]
[Black "Spasov, Vasil"]
[Result "1/2-1/2"]
[WhiteElo "2505"]
[BlackElo "2535"]

1.Nf3 Nf6 2.d4 d5 3.c4 e6 4.Nc3 Be7 5.Bf4 O-O 6.e3 c5 7.dxc5 Bxc5 8.a3 Nc6
9.Qc2 Bd6 10.Bxd6 Qxd6  1/2-1/2

[Event "Bled op"]
[Site "Bled"]
[Date "1992.??.??"]
[Round "4"]
[White "Bukic, Enver"]
[Black "Mali, Slavko"]
[Result "1-0"]
[WhiteElo "2455"]
[BlackElo "2315"]

1.Nf3 Nf6 2.c4 e6 3.d4 d5 4.Nc3 Be7 5.Bf4 O-O 6.e3 c6 7.Qc2 Nbd7 8.Rd1 Qa5
9.Nd2 Bb4 10.Bd3 Bxc3 11.bxc3 dxc4 12.Nxc4 Qh5 13.h3 Nb6 14.Ne5 g5 15.g4 Qh6
16.Bg3 Nfd5 17.h4 f6 18.Nf3 e5 19.Rh2  1-0

[Event "Statisztika IM"]
[Site "Budapest"]
[Date "1992.??.??"]
[Round "2"]
[White "Higatsberger, Michael"]
[Black "Almasi, Istvan"]
[Result "0-1"]
[WhiteElo "2205"]
[BlackElo "2350"]

1.c4 e6 2.Nc3 d5 3.d4 Nf6 4.Nf3 Be7 5.Bf4 O-O 6.e3 c5 7.dxc5 Bxc5 8.Qc2 Nc6
9.a3 Be7 10.O-O-O Qa5 11.g4 dxc4 12.Bxc4 e5 13.g5 Nd7 14.Bg3 Nb6 15.Bd3 Bg4
16.Bxh7+ Kh8 17.Be4 Rac8 18.Rd3 Bxf3 19.Bxf3 Bxg5 20.Bd5 Nd4  0-1

[Event "Wch U20"]
[Site "Buenos Aires"]
[Date "1992.??.??"]
[Round "?"]
[White "Stefansson, Hannes"]
[Black "Danielian, Oganes"]
[Result "1/2-1/2"]
[WhiteElo "2500"]
[BlackElo "2460"]

1.d4 e6 2.c4 d5 3.Nc3 Be7 4.Nf3 Nf6 5.Bf4 O-O 6.e3 c6 7.Bd3 Nbd7 8.O-O Nh5
9.Be5 Nxe5 10.dxe5 g6 11.Qc2 f6 12.Rad1 fxe5 13.Nxe5 Bd6 14.f4 Bxe5 15.fxe5 Bd7
16.Bxg6 hxg6 17.Qxg6+ Ng7 18.Rf6 Qb6 19.Rd4 Be8 20.Qh6 Bh5 21.g4 Bf7 22.Rf2 Qc7
23.Qg5 Bg6 24.Rxf8+ Rxf8 25.Qxg6 Qxe5 26.Nd1 c5 27.Rd2 d4 28.Qd3 Qg5 29.Rg2 e5
30.Qe4 b6 31.Rf2 Rxf2 32.Kxf2 Qh4+ 33.Kg2 Qe1 34.Nf2 Qe2 35.exd4 Qxc4 36.dxe5 Qxa2
37.h4 Qxb2 38.h5 Qd4 39.Qxd4 cxd4 40.Kf3 Ne6 41.Ke4 a5 42.Nd3 b5 43.Kd5 Kf7
44.h6 Ng5 45.Nc5 a4 46.e6+ Nxe6 47.Nxe6 d3 48.h7 d2 49.h8=Q d1=Q+ 50.Nd4 Qxg4
51.Nc6 Qg8 52.Nd8+ Kf8+ 53.Ne6+ Kf7 54.Qh5+ Ke7 55.Qh4+ Kd7 56.Qh3 a3 57.Ke5 Qb8+
58.Kf5 Qd6 59.Qb3 Kc6 60.Ke4  1/2-1/2

[Event "Buenos Aires Najdorf qual"]
[Site "Buenos Aires"]
[Date "1992.??.??"]
[Round "3"]
[White "Juarez, Alberto"]
[Black "Servat, Roberto"]
[Result "0-1"]
[WhiteElo "2265"]
[BlackElo "2395"]

1.d4 d5 2.c4 e6 3.Nc3 Be7 4.Nf3 Nf6 5.Bf4 O-O 6.e3 c5 7.dxc5 Bxc5 8.Qc2 Nc6
9.a3 Qa5 10.Rd1 Be7 11.Nd2 e5 12.Nb3 Qd8 13.Bg3 d4 14.Nb5 a6 15.exd4 axb5
16.dxe5 Qe8 17.exf6 Bb4+  0-1

[Event "Calcutta"]
[Site "Calcutta"]
[Date "1992.??.??"]
[Round "5"]
[White "Dreev, Alexey"]
[Black "Ravi, Lanka"]
[Result "1-0"]
[WhiteElo "2580"]
[BlackElo "2370"]

1.d4 Nf6 2.c4 e6 3.Nf3 d5 4.Nc3 Be7 5.Bf4 O-O 6.e3 c5 7.dxc5 Bxc5 8.Qc2 Nc6
9.a3 Qa5 10.Nd2 Bb4 11.cxd5 exd5 12.Bd3 d4 13.O-O Bxc3 14.Nc4 Qh5 15.bxc3 dxe3
16.Nxe3 Bd7 17.Rab1 Ne5 18.Be2 Neg4 19.Nxg4 Bxg4 20.Rb5 Nd5 21.Rxd5 Qxd5
22.Bxg4 Rfe8 23.Be3 Qa5 24.Qb3 Rad8 25.c4 b6 26.Bf3 Qe5 27.Bd5 g5 28.Qd1 Rd6
29.Bd4 Qf4 30.g3 Qf5 31.Bc3  1-0

[Event "Cattolica op"]
[Site "Cattolica"]
[Date "1992.??.??"]
[Round "4"]
[White "Sydor, Andrzej"]
[Black "Gorelov, Sergey G"]
[Result "1/2-1/2"]
[WhiteElo "2355"]
[BlackElo "2435"]

1.d4 Nf6 2.Nf3 d5 3.c4 e6 4.Nc3 Be7 5.Bf4 O-O 6.e3 c5 7.dxc5 Bxc5 8.cxd5 Nxd5
9.Nxd5 exd5 10.Bd3 Bb4+ 11.Ke2 Nc6 12.Qc2 h6 13.Rhd1 Re8  1/2-1/2

[Event "JUG-chT"]
[Site "Cetinje"]
[Date "1992.??.??"]
[Round "?"]
[White "Mikhalchishin, Adrian"]
[Black "Vujosevic, Vladimir"]
[Result "1-0"]
[WhiteElo "2515"]
[BlackElo "2400"]

1.d4 Nf6 2.Nf3 d5 3.c4 e6 4.Nc3 Be7 5.Bf4 O-O 6.e3 b6 7.cxd5 exd5 8.Bd3 c5
9.Ne5 Bb7 10.O-O Na6 11.Qf3 Nc7 12.Rad1 Ne6 13.Bg3 cxd4 14.exd4 Ne4 15.Nxe4 dxe4
16.Bxe4 Bxe4 17.Qxe4 Ng5 18.Qb7 Bf6 19.f4 Ne6 20.Rfe1 Re8 21.f5 Nc7 22.d5 Bxe5
23.Bxe5 Nb5  1-0

[Event "Chalkidiki"]
[Site "Chalkidiki"]
[Date "1992.??.??"]
[Round "5"]
[White "Stohl, Igor"]
[Black "Kotronias, Vasilios"]
[Result "1/2-1/2"]
[WhiteElo "2560"]
[BlackElo "2550"]

1.c4 e6 2.Nc3 d5 3.d4 Be7 4.Nf3 Nf6 5.Bf4 O-O 6.e3 c5 7.dxc5 Bxc5 8.a3 Nc6
9.Be2 dxc4 10.Bxc4 a6 11.Qc2 Be7 12.Rd1 Qa5 13.O-O h6 14.e4 Ng4 15.Ba2 Bf6
16.h3 Nge5 17.Nxe5 Nxe5 18.Be3 b5 19.Bc5  1/2-1/2

[Event "Czestochowa op"]
[Site "Czestochowa"]
[Date "1992.??.??"]
[Round "3"]
[White "Agrest, Evgenij"]
[Black "Yegiazarian, Arsen"]
[Result "1-0"]
[WhiteElo "2470"]
[BlackElo "2400"]

1.d4 Nf6 2.c4 e6 3.Nc3 d5 4.Nf3 Be7 5.Bf4 O-O 6.e3 c5 7.dxc5 Bxc5 8.Qc2 Nc6
9.a3 Qa5 10.O-O-O Be7 11.g4 Rd8 12.h3 a6 13.Nd2 e5 14.g5 exf4 15.gxf6 Bxf6
16.Nb3 Qb6 17.Nxd5 Rxd5 18.cxd5 Ne7 19.Kb1 Bf5 20.e4 Rc8 21.Bc4 Bd7 22.Nd2 Qxf2
23.Qd3 Ng6 24.Rdf1 Qb6 25.Qb3 Qd4 26.Rh2 Ne5 27.Rc1 Nxc4 28.Nxc4 b5 29.Rhc2 Qxe4
30.Nd6 Qg6 31.Nxc8 Bf5 32.Ka2  1-0

[Event "EU-chT (Men)"]
[Site "Debrecen"]
[Date "1992.??.??"]
[Round "5"]
[White "Yrjola, Jouni"]
[Black "Dutreeuw, Marc"]
[Result "1/2-1/2"]
[WhiteElo "2485"]
[BlackElo "2425"]

1.d4 d5 2.c4 e6 3.Nc3 Be7 4.Nf3 Nf6 5.Bf4 O-O 6.e3 c5 7.dxc5 Bxc5 8.Qc2 Nc6
9.a3 Bd7 10.Rd1 Rc8 11.cxd5 exd5 12.Be2 Be7 13.O-O Qb6 14.Qb1 Be6 15.Bd3 Na5
16.Be5 g6 17.Bd4 Qd8 18.Ng5 Nc6 19.Bxg6 hxg6 20.Nxe6 fxe6 21.Qxg6+ Kh8 22.e4 Nxd4
23.Rxd4 Qe8 24.Qh6+ Nh7 25.Qxe6 Bf6 26.Qxe8 Rfxe8 27.Rxd5 Bxc3 28.bxc3 Nf6
29.Rb5 b6 30.f3 Rxc3 31.a4 Ra3 32.a5 Rxa5 33.Rxa5 bxa5 34.Rb1 Nd7 35.Rb5 a4
36.Rh5+ Kg8 37.Ra5 Nb6 38.Kf2 Rc8 39.g4 Rc3 40.Rxa7 a3 41.Kg3 Nc4 42.g5 Nd2  1/2-1/2

[Event "EU-chT (Men)"]
[Site "Debrecen"]
[Date "1992.??.??"]
[Round "5"]
[White "Sokolov, Ivan"]
[Black "Lobron, Eric"]
[Result "1-0"]
[WhiteElo "2630"]
[BlackElo "2575"]

1.d4 Nf6 2.Nf3 d5 3.c4 e6 4.Nc3 Be7 5.Bf4 O-O 6.e3 c5 7.dxc5 Bxc5 8.a3 Nc6
9.Be2 Re8 10.Bg5 Be7 11.Qc2 h6 12.Bh4 dxc4 13.Bxc4 Nd5 14.Bxe7 Ncxe7 15.O-O Nxc3
16.Qxc3 Qc7 17.Nd4 Bd7 18.Rac1 Rac8 19.Qd3 Qb6 20.b4 Red8 21.Qe4 Bc6 22.Qe5 Bd5
23.Bxd5 Nxd5 24.Nb3 Nf6 25.h3 Rxc1 26.Rxc1 Rd3 27.Nd4 Rxa3 28.Rc8+ Kh7 29.Qb8 Ra1+
30.Kh2 Ne4 31.f4 Nd2 32.h4 Nf1+ 33.Kh3 Nxe3 34.Rh8+ Kg6 35.h5+ Kxh5 36.Qe5+ f5
37.Qxe3 Rh1+ 38.Kg3 Rb1 39.Re8 Qxb4 40.Qe2+ Kg6 41.Qxe6+  1-0

[Event "Dortmund op-A"]
[Site "Dortmund"]
[Date "1992.??.??"]
[Round "4"]
[White "Mikhalchishin, Adrian"]
[Black "Azmaiparashvili, Zurab"]
[Result "1/2-1/2"]
[WhiteElo "2530"]
[BlackElo "2610"]

1.d4 d5 2.c4 e6 3.Nc3 Be7 4.Nf3 Nf6 5.Bf4 O-O 6.e3 c5 7.dxc5 Qa5 8.Bd6 Bxd6
9.cxd6 Rd8 10.Qd2 dxc4 11.Bxc4  1/2-1/2

[Event "Dortmund op-A"]
[Site "Dortmund"]
[Date "1992.??.??"]
[Round "5"]
[White "Lputian, Smbat G"]
[Black "Petrosian, Arshak B"]
[Result "1-0"]
[WhiteElo "2560"]
[BlackElo "2470"]

1.d4 Nf6 2.c4 e6 3.Nf3 d5 4.Nc3 Be7 5.Bf4 c6 6.e3 Nbd7 7.h3 O-O 8.a3 b6 9.cxd5 Nxd5
10.Nxd5 exd5 11.Bd3 c5 12.dxc5 bxc5 13.O-O Qb6 14.b4 cxb4 15.axb4 Bxb4 16.Nd4 Nc5
17.Bc2 Ba6 18.Rxa6 Qxa6 19.Qb1 Qb6 20.Bxh7+ Kh8 21.Qf5 Ne4 22.Rc1 g6 23.Qg4 Be7
24.Nf5 Kxh7 25.Nxe7 Qf6 26.Nxd5 Qf5 27.Qh4+ Qh5 28.Qxh5+ gxh5 29.f3 Nd2 30.Rc6 Rac8
31.Ra6 Rc1+ 32.Kf2 Rc2 33.Kg3 Nf1+ 34.Kh4 Rxg2 35.Nf6+ Kh8 36.Nxh5 Rg6 37.Rxa7 Nd2
38.Be5+ f6 39.Nxf6 Rgxf6 40.Bxf6+ Rxf6  1-0

[Event "Dortmund op-A"]
[Site "Dortmund"]
[Date "1992.??.??"]
[Round "8"]
[White "Pekarek, Ales"]
[Black "Geller, Efim P"]
[Result "1/2-1/2"]
[WhiteElo "2455"]
[BlackElo "2535"]

1.Nf3 d5 2.d4 Nf6 3.c4 e6 4.Nc3 Be7 5.Bf4 O-O 6.e3 c5 7.dxc5 Bxc5 8.a3 Nc6
9.Be2 dxc4 10.Bxc4 a6 11.Qc2 Be7 12.Rd1 Qa5 13.O-O Bd7 14.e4 Be8 15.Rfe1 b5
16.Ba2 Rc8 17.Bb1 Nh5 18.e5 g6 19.Bh6 b4 20.Bxf8 bxc3 21.Bxe7 Nxe7 22.Ba2 Ba4  1/2-1/2

[Event "Wch U18"]
[Site "Duisburg"]
[Date "1992.??.??"]
[Round "1"]
[White "Barkhagen, Jonas"]
[Black "Gabriel, Christian"]
[Result "0-1"]
[WhiteElo "2405"]
[BlackElo "2490"]

1.d4 d5 2.c4 e6 3.Nc3 Nf6 4.Nf3 Be7 5.Bf4 O-O 6.e3 c5 7.dxc5 Bxc5 8.a3 Nc6
9.b4 Be7 10.cxd5 exd5 11.Be2 Be6 12.O-O Rc8 13.Qd3 Qd7 14.Ne5 Nxe5 15.Bxe5 Bf5
16.Qd4 Qe6 17.Rad1 Rfd8 18.Nb5 Nd7 19.Bc7 a6 20.Bxd8 Bxd8 21.Rc1 Rxc1 22.Rxc1 axb5
23.Rc8 Qe7 24.Qxd5 g6 25.Bxb5 Kg7 26.Qd4+ Kh6 27.e4 Be6 28.a4 Bb6 29.Qd2+ Kg7
30.a5 Nf6 31.Rc1 Ba7 32.Qc3 Kh6 33.Qd2+ g5 34.Rf1 Nxe4 35.Qb2 Qd6 36.Kh1 Qd5
37.Be2 Bd4  0-1

[Event "Wch U18"]
[Site "Duisburg"]
[Date "1992.??.??"]
[Round "6"]
[White "Agamaliev, Djamil"]
[Black "Danielian, Oganes"]
[Result "0-1"]
[WhiteElo "2350"]
[BlackElo "2310"]

1.d4 e6 2.Nf3 d5 3.c4 Nf6 4.Nc3 Be7 5.Bf4 O-O 6.e3 c6 7.cxd5 exd5 8.Bd3 Re8
9.h3 Nbd7 10.Qd2 Nf8 11.O-O-O Bd6 12.Ne5 Qe7 13.Rhe1 N8d7 14.Nf3 g6 15.Bg5 Qf8
16.e4 dxe4 17.Bxe4 Nxe4 18.Nxe4 Be7 19.Bxe7 Rxe7 20.Qd3 a5 21.Qe3 Kg7 22.Qf4 Nb6
23.Qf6+ Kg8 24.Qd6 Be6 25.Nfg5 Nd5 26.Kb1 Rae8 27.f3 Bc8 28.h4 f5 29.h5 gxh5
30.Qg3 h4 31.Qxh4 fxe4 32.fxe4 Qf4 33.g4 Ne3 34.Rd3 Ng2  0-1

[Event "Wch U18"]
[Site "Duisburg"]
[Date "1992.??.??"]
[Round "8"]
[White "Gabriel, Christian"]
[Black "Danielian, Oganes"]
[Result "1-0"]
[WhiteElo "2490"]
[BlackElo "2310"]

1.d4 e6 2.Nf3 d5 3.c4 Nf6 4.Nc3 Be7 5.Bf4 O-O 6.e3 c6 7.h3 Nbd7 8.Qc2 Qa5
9.Nd2 c5 10.Bd3 cxd4 11.exd4 dxc4 12.Nxc4 Qd8 13.O-O Nb6 14.Nxb6 Qxb6 15.Rad1 h6
16.Bc4 Bd7 17.d5 Rac8 18.Be3 Bc5 19.dxe6 fxe6 20.Bxc5 Rxc5 21.Na4 Bxa4 22.Qxa4 Kh8
23.Qb3 Qxb3 24.Bxb3 e5 25.Rfe1 b5 26.Rd2 Rfc8 27.Be6 Rf8 28.b4 Rc6 29.Rxe5 Re8
30.Rde2 a6 31.g4 Rd6 32.Bf5 Rxe5 33.Rxe5 Rd1+ 34.Kg2 Ra1 35.Re2 g6 36.Be6 Rd1
37.Bb3 Rd4 38.a3 Ne4 39.Bc2 Nc3 40.Re8+ Kg7 41.Re6 Rd2 42.Rxg6+  1-0